States witht the Most Mormons - Statistics

General Stats
  • This quiz has been taken 46 times
  • The average score is 9 of 10
Answer Stats
Number of Momons State % Correct
2,000,554 Utah
100%
416,192 Arizona
95%
430,757 Idaho
95%
182,072 Nevada
93%
48,968 Montana
91%
282,356 Washington
91%
153,226 Oregon
86%
67,199 Wyoming
84%
33,375 Alaska
65%
73,660 Hawaii
65%
No matching quizzes found
Score Distribution
Percent of People with Each Score
Percentile by Number Answered
Your Score History
You have not taken this quiz